01362nam a2200241Ia 4500001001100000003001000011008004100021040002500062041001300087100002600100245003900126250001100165260005700176300002700233500025000260501011400510520025000624650002800874942000700902957000600909999004300915952016200958L371-24434IT-CnALBA170116s9999||||xx |||||||||||||| ||und|| aIT-CnALBAcIT-CnALBA aITALIANO aMONTESSORI MARIA, DR. 0aMANUALE DI PEDAGOGIA SCIENTIFICA.  a2a ed. aNAPOLIbMORANO ALBERTO EDITOREc1930 [1° Ed.: n.d.] a177 p. (prefazione: 1) aEDUCAZIONE E BAMBINO. LA SCUOLA ANTICA. SAPIENZA. L'AMBIENTE. ORDINE SEMPLICITÀ. BELLEZZA. DIREZIONE. PRATICA. LAVORI. SILENZIO. MATERIALE. LIBERTÀ. AVVIAMENTO ALL'ARITMETICA. ILLUSTRAZIONI FOTOGRAFICHE IN BIANCO E NERO IN FINE FUORI TESTO.  aSocietà San Paolo EM - Piazza San Paolo, 14 - 12051 ALBA (CN) (non commercial uses only) ® Copyright 2017 aEDUCAZIONE E BAMBINO. LA SCUOLA ANTICA. SAPIENZA. L'AMBIENTE. ORDINE SEMPLICITÀ. BELLEZZA. DIREZIONE. PRATICA. LAVORI. SILENZIO. MATERIALE. LIBERTÀ. AVVIAMENTO ALL'ARITMETICA. ILLUSTRAZIONI FOTOGRAFICHE IN BIANCO E NERO IN FINE FUORI TESTO.  aISTRUZIONE - EDUCAZIONE cBK 71 a29204bSI g Copie: 1 c283542d283542 0010406L_3712443471aALBAbALBAd2017-01-16l0oL371-24434r2017-01-16 00:00:00w2017-01-16yBKz(data import: 16 gennaio 2017) - By Epidotti, Vaglietti.